[Event "21st Czech GM Open"]
[Site "Pardubice CZE"]
[Date "2010.07.29"]
[Round "7"]
[White "Maslak,K"]
[Black "Vidit,S"]
[Result "1/2-1/2"]
[WhiteElo "2560"]
[BlackElo "2492"]
[EventDate "2010.07.23"]

1. d4 d5 2. c4 c6 3. Nc3 Nf6 4. e3 g6 5. Nf3 Bg7 6. Bd3 O-O 7. O-O Bg4 8.
h3 Bxf3 9. Qxf3 e6 10. Rd1 Nbd7 11. Bd2 dxc4 12. Bxc4 e5 13. Bb3 exd4 14.
exd4 Nb6 15. Bg5 Qd6 16. a3 Nbd5 17. Bh4 Rfe8 18. Bg3 Qd7 19. Be5 Rad8 20.
Rac1 Qe7 21. Re1 Qf8 22. Ne4 Nxe4 23. Rxe4 f6 24. Bc7 Rd7 25. Rxe8 Qxe8 26.
Ba5 Qf7 27. Qg3 a6 28. Bb4 h6 29. h4 h5 30. Re1 Kh7 31. Bc5 f5 32. Qb8
1/2-1/2

[Event "21st Czech GM Open"]
[Site "Pardubice CZE"]
[Date "2010.07.29"]
[Round "7"]
[White "Tikkanen,H"]
[Black "Nabaty,T"]
[Result "1-0"]
[WhiteElo "2469"]
[BlackElo "2523"]
[EventDate "2010.07.23"]

1. d4 d5 2. c4 e5 3. dxe5 d4 4. Nf3 Nc6 5. Nbd2 Qe7 6. Qb3 f6 7. exf6 Nxf6
8. a3 Nd7 9. e4 g5 10. h3 Bg7 11. Qc2 h5 12. Nb3 g4 13. Bg5 Qf7 14. Nh4 a5
15. Nf5 a4 16. Nd2 Nc5 17. hxg4 d3 18. Nxg7+ Qxg7 19. Qc3 Nd4 20. Bxd3 Bxg4
21. f3 Be6 22. Bh4 Rg8 23. Bf1 Ra6 24. Bf2 Rd6 25. Rxh5 b6 26. O-O-O Qd7
27. Be3 Bf7 28. Re5+ Kd8 29. Rg5 Rxg5 30. Bxg5+ Kc8 31. Bf4 Rg6 32. Be3 Rd6
33. Kb1 Ndb3 34. Be2 Bh5 35. Qh8+ Kb7 36. Qxh5 Nxd2+ 37. Rxd2 Rxd2 38. Bxd2
Qxd2 39. Qd5+ 1-0

[Event "21st Czech GM Open"]
[Site "Pardubice CZE"]
[Date "2010.07.29"]
[Round "7"]
[White "Chernyshov,K"]
[Black "Hasangatin,R"]
[Result "1/2-1/2"]
[WhiteElo "2578"]
[BlackElo "2498"]
[EventDate "2010.07.23"]

1. Nf3 d5 2. d3 Nf6 3. g3 Bf5 4. Bg2 e6 5. O-O h6 6. c4 c6 7. Qb3 Qb6 8.
Nc3 Nbd7 9. Qxb6 axb6 10. cxd5 Nxd5 11. Bd2 N5f6 12. Rfb1 e5 13. b4 Be6 14.
d4 Bd6 15. b5 e4 16. bxc6 bxc6 17. Ne5 Nxe5 18. dxe5 Bxe5 19. Rxb6 O-O 20.
Rxc6 Rfc8 21. Rxc8+ Rxc8 22. Rc1 e3 23. fxe3 Bxc3 24. Rxc3 Rxc3 25. Bxc3
Bxa2 26. e4 Be6 27. e5 Nd5 28. Bd4 g5 29. Kf2 Ne7 30. Bf3 Kg7 31. Bc5 Ng6
32. Bd6 Nf8 33. Ke3 Bb3 34. Be7 Ne6 35. Bf6+ Kg8 36. Be4 Bc4 37. Bc6 Bxe2
38. Bd5 1/2-1/2

[Event "21st Czech GM Open"]
[Site "Pardubice CZE"]
[Date "2010.07.29"]
[Round "7"]
[White "Haba,P"]
[Black "Schlosser,P"]
[Result "1/2-1/2"]
[WhiteElo "2512"]
[BlackElo "2575"]
[EventDate "2010.07.23"]

1. e4 e6 2. d4 d5 3. e5 c5 4. c3 Nc6 5. Nf3 Bd7 6. a3 c4 7. Nbd2 Na5 8. g3
Ne7 9. Bg2 Nc8 10. Rb1 Nb6 11. Qe2 Be7 12. O-O Ba4 13. Ne1 Qd7 14. Ndf3 Qb5
15. Nc2 h6 16. h4 Bxc2 17. Qxc2 Qb3 18. Qxb3 Nxb3 1/2-1/2

[Event "21st Czech GM Open"]
[Site "Pardubice CZE"]
[Date "2010.07.29"]
[Round "7"]
[White "Lalith,B"]
[Black "Gabrielian,A"]
[Result "1/2-1/2"]
[WhiteElo "2502"]
[BlackElo "2559"]
[EventDate "2010.07.23"]

1. Nf3 Nf6 2. c4 g6 3. Nc3 d5 4. cxd5 Nxd5 5. Qa4+ Bd7 6. Qb3 Nb6 7. d4 Bg7
8. e4 O-O 9. Be3 Bg4 10. Rd1 Nc6 11. d5 Ne5 12. Be2 Nxf3+ 13. gxf3 Bh3 14.
Rg1 Qc8 15. f4 Bd7 16. Nb5 Bxb5 17. Qxb5 c6 18. dxc6 bxc6 19. Qb4 Qe6 20.
b3 Rad8 21. Bf3 Rxd1+ 22. Kxd1 Rd8+ 23. Ke2 c5 24. Qxc5 Rc8 25. Bg4 Rxc5
26. Bxe6 Rc2+ 27. Kd1 Rxa2 28. Bh3 Ra1+ 29. Bc1 Bh6 30. Rg4 e5 31. Kc2 Ra2+
32. Bb2 exf4 33. Kb1 Ra5 34. Bf1 Nd7 35. f3 Bg7 36. Rxf4 Bxb2 37. Kxb2 Rh5
38. h3 Kg7 39. Rg4 f5 40. exf5 Rxf5 1/2-1/2

[Event "21st Czech GM Open"]
[Site "Pardubice CZE"]
[Date "2010.07.29"]
[Round "7"]
[White "Miron,L"]
[Black "Kravtsiv,M"]
[Result "0-1"]
[WhiteElo "2497"]
[BlackElo "2559"]
[EventDate "2010.07.23"]

1. d4 Nf6 2. c4 e6 3. Nc3 Bb4 4. Qc2 O-O 5. a3 Bxc3+ 6. Qxc3 b6 7. Bg5 Bb7
8. e3 d6 9. Nf3 Nbd7 10. Nd2 c5 11. f3 Re8 12. b4 a5 13. dxc5 axb4 14. axb4
Rxa1+ 15. Qxa1 dxc5 16. b5 Nf8 17. Bh4 Ng6 18. Bg3 e5 19. Be2 h5 20. Nb1 h4
21. Bf2 h3 22. g3 e4 23. f4 Bc8 24. Nc3 Bg4 25. Qb2 Qc8 26. O-O Rd8 27. Be1
Ne7 28. Na4 Qe6 29. Bc3 Bxe2 30. Qxe2 Rd3 31. Bxf6 Qxf6 32. Rd1 Nf5 33.
Rxd3 exd3 34. Qxd3 Qa1+ 35. Kf2 Qa2+ 36. Ke1 Qxh2 37. Qxf5 Qxg3+ 38. Kf1
Qg2+ 0-1

[Event "21st Czech GM Open"]
[Site "Pardubice CZE"]
[Date "2010.07.29"]
[Round "7"]
[White "Cvek,R"]
[Black "Pridorozhni,A"]
[Result "1/2-1/2"]
[WhiteElo "2473"]
[BlackElo "2553"]
[EventDate "2010.07.23"]

1. d4 d6 2. Nf3 Nf6 3. c4 c6 4. Nc3 Bg4 5. e4 Nbd7 6. Be2 e5 7. O-O Be7 8.
Be3 O-O 9. d5 a6 10. Nd2 Bxe2 11. Qxe2 Qb8 12. b4 Rc8 13. Rfc1 cxd5 14.
Nxd5 Nxd5 15. cxd5 Rxc1+ 16. Rxc1 Qd8 17. Qc4 Nb6 18. Qc7 Rc8 19. Qxd8+
1/2-1/2

[Event "21st Czech GM Open"]
[Site "Pardubice CZE"]
[Date "2010.07.29"]
[Round "7"]
[White "Potapov,P"]
[Black "Polak,T"]
[Result "1/2-1/2"]
[WhiteElo "2445"]
[BlackElo "2544"]
[EventDate "2010.07.23"]

1. e4 c6 2. d4 d5 3. exd5 cxd5 4. c4 Nf6 5. Nc3 e6 6. Nf3 Bb4 7. Bd3 dxc4
8. Bxc4 O-O 9. O-O b6 10. a3 Bxc3 11. bxc3 Bb7 12. Bd3 Nbd7 13. Re1 Qc7 14.
Bd2 Rfe8 15. Ne5 Nxe5 16. Rxe5 Rac8 1/2-1/2

[Event "21st Czech GM Open"]
[Site "Pardubice CZE"]
[Date "2010.07.29"]
[Round "7"]
[White "Smith,Ax"]
[Black "Sethuraman,S"]
[Result "0-1"]
[WhiteElo "2416"]
[BlackElo "2513"]
[EventDate "2010.07.23"]

1. c4 e6 2. g3 Nf6 3. Bg2 d5 4. Nf3 dxc4 5. Qc2 a6 6. Qxc4 b5 7. Qd4 Bd6 8.
a4 Nc6 9. Qc3 Nb4 10. axb5 O-O 11. O-O Ne4 12. Qb3 Bb7 13. Nc3 axb5 14.
Rxa8 Qxa8 15. Nxb5 Bd5 16. Qa3 Qb7 17. Nxd6 cxd6 18. d3 Nc5 19. Bd2 Nbxd3
20. exd3 Bxf3 21. Bxf3 Qxf3 22. d4 Nb3 23. Bf4 Rd8 24. Be3 Qd5 25. Qb4 Rc8
26. Rd1 h6 27. h3 Rc2 28. Rb1 f5 29. h4 Kh7 30. h5 Rc4 31. Qb8 f4 32. Qe8
e5 33. Qg6+ Kh8 34. gxf4 exd4 35. f5 dxe3 36. Qe8+ Qg8 37. Qxg8+ Kxg8 38.
fxe3 Rc5 39. Rd1 Rxf5 40. Rxd6 Rxh5 41. Rb6 Nd2 42. b4 Ne4 43. b5 Kh7 0-1

[Event "21st Czech GM Open"]
[Site "Pardubice CZE"]
[Date "2010.07.29"]
[Round "7"]
[White "Safarli,E"]
[Black "Bures,J"]
[Result "1-0"]
[WhiteElo "2603"]
[BlackElo "2332"]
[EventDate "2010.07.23"]

1. e4 c6 2. d4 d5 3. exd5 cxd5 4. c4 Nf6 5. Nc3 Nc6 6. Bg5 dxc4 7. Nf3 Bg4
8. d5 Bxf3 9. gxf3 Ne5 10. Bxc4 Nxc4 11. Qa4+ Nd7 12. Qxc4 Rc8 13. Qe2 Qc7
14. O-O-O Qc4 15. Qe3 Qxa2 16. Rhe1 f6 17. Bf4 Kd8 18. Rd3 Nb6 19. d6 e5
20. Bxe5 fxe5 21. Qg5+ Kd7 22. Rxe5 Qf7 23. Re7+ Bxe7 24. dxe7+ Nd5 25.
Rxd5+ Kc6 26. Qe5 Qf6 27. Rc5+ Kd7 28. Qd5+ Qd6 29. Qf5+ 1-0

[Event "21st Czech GM Open"]
[Site "Pardubice CZE"]
[Date "2010.07.29"]
[Round "7"]
[White "Ghaem Maghami,E"]
[Black "Potapov,Alexa1"]
[Result "1-0"]
[WhiteElo "2585"]
[BlackElo "2426"]
[EventDate "2010.07.23"]

1. d4 Nf6 2. c4 e5 3. dxe5 Ng4 4. Nh3 Nxe5 5. e3 Bb4+ 6. Bd2 Bxd2+ 7. Qxd2
d6 8. Nf4 Nbd7 9. Nc3 O-O 10. Be2 a5 11. O-O Nc5 12. Rad1 Re8 13. b3 Bf5
14. f3 h6 15. e4 Bh7 16. Nh5 Qh4 17. Ng3 Rad8 18. Nb5 Ne6 19. f4 c6 20.
fxe5 cxb5 21. exd6 Bxe4 22. cxb5 b6 23. Nxe4 Qxe4 24. Bf3 Qg6 25. Bc6 Rf8
26. d7 Nc5 27. Rfe1 Ne6 28. a3 Rb8 29. b4 axb4 30. axb4 Rfd8 31. Qd6 Qg4
32. Re4 Qh5 33. Rf1 Qg5 34. Rxf7 Kxf7 35. Qxe6+ Kf8 36. Re1 g6 37. Rf1+ Kg7
38. h4 1-0

[Event "21st Czech GM Open"]
[Site "Pardubice CZE"]
[Date "2010.07.29"]
[Round "7"]
[White "Jaracz,P"]
[Black "Hedman,E"]
[Result "1-0"]
[WhiteElo "2541"]
[BlackElo "2391"]
[EventDate "2010.07.23"]

1. e4 e5 2. Nf3 Nc6 3. Bb5 Bc5 4. c3 Nf6 5. d3 d6 6. Be3 Bxe3 7. fxe3 O-O
8. O-O Ne7 9. Nbd2 Ng6 10. d4 Bd7 11. Bd3 a5 12. h3 Re8 13. Qc2 a4 14. Rf2
c5 15. dxc5 dxc5 16. c4 Bc6 17. Nb1 Qc7 18. Nc3 Ne7 19. Nh4 Rf8 20. Raf1
Ne8 21. Qe2 Nd6 22. g4 f6 23. a3 b6 24. Nf3 Qb7 25. Nd2 Rfb8 26. g5 fxg5
27. Qg4 Qd7 28. Qxg5 Rf8 29. Nd5 Bxd5 30. exd5 g6 31. Qxe5 Rxf2 32. Rxf2
Nef5 33. Bxf5 Nxf5 34. Ne4 1-0

[Event "21st Czech GM Open"]
[Site "Pardubice CZE"]
[Date "2010.07.29"]
[Round "7"]
[White "Simacek,P"]
[Black "Gorbatov,A"]
[Result "1/2-1/2"]
[WhiteElo "2532"]
[BlackElo "2390"]
[EventDate "2010.07.23"]

1. e4 c5 2. Nf3 a6 3. c4 Nc6 4. d4 cxd4 5. Nxd4 e6 6. Nc2 Nf6 7. Nc3 Qc7 8.
Bg5 Be7 9. Qd2 b6 10. Bf4 Ne5 11. Bxe5 Qxe5 12. f4 Qc7 13. e5 Ng4 14. Be2
Nh6 15. Bf3 Bb7 16. Bxb7 Qxb7 17. O-O O-O 18. Rad1 Rfd8 19. Rf3 Nf5 20. Rd3
b5 21. cxb5 axb5 22. a3 d5 23. exd6 Rxd6 24. Rxd6 Bxd6 25. Kh1 h6 26. Nd4
Nxd4 27. Qxd4 Be7 28. Qd7 Qxd7 29. Rxd7 b4 30. axb4 Bxb4 31. g3 Bxc3 32.
bxc3 Ra2 33. h4 h5 34. Rc7 g6 35. Kg1 1/2-1/2

[Event "21st Czech GM Open"]
[Site "Pardubice CZE"]
[Date "2010.07.29"]
[Round "7"]
[White "Lalic,B"]
[Black "Kislik,E"]
[Result "1-0"]
[WhiteElo "2491"]
[BlackElo "2329"]
[EventDate "2010.07.23"]

1. d4 Nf6 2. c4 g6 3. Nc3 d5 4. Nf3 Bg7 5. Qb3 dxc4 6. Qxc4 O-O 7. e4 Nc6
8. Be2 Bg4 9. d5 Bxf3 10. gxf3 Na5 11. Qd3 c6 12. b4 cxd5 13. bxa5 dxe4 14.
Qxd8 Rfxd8 15. Bb2 Nd5 16. Nxd5 Bxb2 17. Rb1 Rxd5 18. Rxb2 exf3 19. Bxf3
Re5+ 20. Re2 Rxa5 21. O-O e6 22. Bxb7 Rd8 23. Rc1 Rd4 24. h3 Rda4 25. Rcc2
Ra3 26. Bg2 Kg7 27. Red2 h5 28. Bf1 g5 29. Kg2 g4 30. hxg4 hxg4 31. Bc4 Rh3
32. Rd4 Rh4 33. Bb3 Rah5 34. Rc7 a5 35. Rf4 Rh2+ 36. Kf1 Rf5 37. Rxf5 exf5
38. Kg1 Rh5 39. Rxf7+ Kh6 40. Bc2 Kg6 41. Ra7 1-0

[Event "21st Czech GM Open"]
[Site "Pardubice CZE"]
[Date "2010.07.29"]
[Round "7"]
[White "Velicka,P"]
[Black "Doros,R"]
[Result "1-0"]
[WhiteElo "2483"]
[BlackElo "2331"]
[EventDate "2010.07.23"]

1. e4 c5 2. Nf3 e6 3. d4 cxd4 4. Nxd4 Nf6 5. Nc3 d6 6. g4 h6 7. h4 Nc6 8.
Rg1 d5 9. exd5 Nxd5 10. Nxd5 exd5 11. g5 hxg5 12. hxg5 Rh4 13. Be3 Qa5+ 14.
c3 Bd7 15. Nb3 Qc7 16. Qxd5 O-O-O 17. O-O-O Bg4 18. Qxd8+ Nxd8 19. Rxg4
Rxg4 20. Bh3 Ne6 21. Bxg4 g6 22. Nd4 Qe5 23. Re1 Be7 24. f4 Qa5 25. Nxe6
fxe6 26. Bxe6+ Kd8 27. Bd4 Qa6 28. Bf6 Qb6 29. Re2 Qc7 30. Be5 Qb6 31. Bf7
Kc8 32. Rd2 Qc6 33. Bd5 Qa6 34. Bg2 b5 35. Bh3+ Kb7 36. Rd7+ Kc6 37. Rxe7
Qxa2 38. Bg2+ Kc5 39. Rc7+ Kb6 40. Rb7+ Kc5 41. Rc7+ Kb6 42. Rc6+ 1-0

[Event "21st Czech GM Open"]
[Site "Pardubice CZE"]
[Date "2010.07.29"]
[Round "7"]
[White "Akesson,R"]
[Black "Pribyl,Jo"]
[Result "1/2-1/2"]
[WhiteElo "2470"]
[BlackElo "2325"]
[EventDate "2010.07.23"]

1. c4 e5 2. Nc3 Nc6 3. g3 g6 4. Bg2 Bg7 5. Rb1 a5 6. d3 d6 7. a3 Nf6 8. b4
axb4 9. axb4 O-O 10. Nf3 h6 11. O-O Be6 12. b5 Ne7 13. Bb2 Qd7 14. Re1 Bh3
15. Bh1 Ng4 16. Qb3 f5 17. Ra1 Kh8 18. Nd5 Nxd5 19. cxd5 Rxa1 20. Rxa1 Nf6
21. Ra7 Rb8 22. Nd2 Qc8 23. Nc4 Nd7 24. Qa3 b6 25. e4 Nc5 26. f3 Qd7 27.
Bg2 Bxg2 28. Kxg2 fxe4 29. dxe4 Qxb5 30. Qc3 Qd7 31. Qc2 Qc8 32. Bc1 Ra8
33. Qa2 Rxa7 34. Qxa7 Qd7 35. Na3 b5 36. Bd2 Nd3 37. Qa5 c6 38. dxc6 Qxc6
39. Qxb5 Qxb5 40. Nxb5 Bf8 41. Kf1 Kg7 42. Ke2 Nc5 43. Bb4 Nb7 44. Kd3 Kf7
45. Nc7 Nd8 46. Nb5 Ke6 47. Kc4 Nf7 48. h4 h5 49. Nc7+ Kd7 50. Nd5 Be7 51.
Be1 Bd8 52. g4 hxg4 53. fxg4 g5 54. hxg5 Bxg5 1/2-1/2

[Event "21st Czech GM Open"]
[Site "Pardubice CZE"]
[Date "2010.07.29"]
[Round "7"]
[White "Jorczik,J"]
[Black "Salem,AR"]
[Result "0-1"]
[WhiteElo "2389"]
[BlackElo "2469"]
[EventDate "2010.07.23"]

1. d4 Nf6 2. c4 g6 3. Nc3 d5 4. Nf3 Bg7 5. e3 O-O 6. Qb3 e6 7. Bd2 b6 8.
cxd5 exd5 9. Be2 Be6 10. Ng5 Bf5 11. O-O c5 12. dxc5 bxc5 13. Rfd1 Nbd7 14.
Qa3 Rb8 15. Rac1 Re8 16. Nf3 Ne4 17. Qxa7 Nxd2 18. Rxd2 d4 19. Nd1 Bh6 20.
Qa3 Be4 21. Ne1 Qh4 22. Bf3 Bf5 23. Bc6 Qf6 24. Bxd7 Bxd7 25. Qa7 Bg4 26.
Qa3 Bxd1 27. Rcxd1 Rxe3 28. Qa7 Rbe8 29. Kf1 R3e7 30. Qa5 Bxd2 31. Qxd2
Qa6+ 0-1

[Event "21st Czech GM Open"]
[Site "Pardubice CZE"]
[Date "2010.07.29"]
[Round "7"]
[White "Feher,Ad"]
[Black "Michiels,B"]
[Result "1-0"]
[WhiteElo "2319"]
[BlackElo "2460"]
[EventDate "2010.07.23"]

1. e4 c5 2. Nf3 Nc6 3. d4 cxd4 4. Nxd4 Qc7 5. Nc3 e6 6. Be2 a6 7. O-O b5 8.
Nxc6 dxc6 9. a4 b4 10. Nb1 Nf6 11. Nd2 a5 12. Nc4 Ba6 13. f3 Bc5+ 14. Kh1
O-O 15. Qe1 Bd4 16. c3 bxc3 17. bxc3 Bc5 18. Ba3 Bxa3 19. Nxa3 Bc8 20. Rb1
Nd7 21. Qf2 Bb7 22. Rfd1 Rfb8 23. g3 Bc8 24. Kg2 Rxb1 25. Rxb1 Rb8 26. Rxb8
Qxb8 27. Nc4 Qc7 28. Qd4 Ba6 29. Kf2 Bxc4 30. Qxc4 Kf8 31. f4 e5 32. Kf3
Qb6 33. Bd1 Qc5 34. Qxc5+ Nxc5 35. fxe5 Ke7 36. Ke3 Kd7 37. Kd4 Ne6+ 38.
Kc4 Ng5 39. Bg4+ Kc7 40. Kd4 Kb6 41. e6 fxe6 42. h4 Nf7 43. Bxe6 Nd6 44. e5
Nb7 45. Bc8 Nd8 46. e6 c5+ 47. Kd5 Nc6 48. Kd6 1-0

[Event "21st Czech GM Open"]
[Site "Pardubice CZE"]
[Date "2010.07.29"]
[Round "7"]
[White "Shumilov,I"]
[Black "Mikhalevski,A"]
[Result "0-1"]
[WhiteElo "2284"]
[BlackElo "2437"]
[EventDate "2010.07.23"]

1. d4 d5 2. Nf3 Nf6 3. e3 e6 4. Bd3 c5 5. c3 Nc6 6. Nbd2 Bd6 7. O-O O-O 8.
dxc5 Bxc5 9. e4 Qc7 10. Qe2 h6 11. Kh1 Bb6 12. Bc2 Bd7 13. h3 Nh5 14. exd5
exd5 15. Nb3 Rfe8 16. Qd3 Nf6 17. Nbd4 Ne5 18. Nxe5 Qxe5 19. Nf3 Qh5 20.
Bf4 g5 21. Bh2 g4 22. Nd4 gxh3 23. gxh3 Bxh3 24. Rg1+ Kh8 25. Qg3 Rg8 26.
Qe5 Bxd4 27. Qxh5 Nxh5 28. cxd4 Bg4 29. Bd1 Bxd1 30. Rgxd1 Rae8 31. Rd3 f6
32. Rh3 Rg5 33. Rg1 Rf5 34. Rg4 Kh7 35. Rc3 Re7 36. Kg2 Ng7 37. Bd6 Rd7 38.
Bf4 Ne6 39. Be3 Rh5 40. Rc8 Rd8 41. Rxd8 Nxd8 42. Kf3 Ne6 43. Rg1 f5 44.
Rd1 f4 45. Bd2 Rh3+ 46. Kg4 Rd3 47. Re1 h5+ 48. Kh4 Nxd4 0-1

[Event "21st Czech GM Open"]
[Site "Pardubice CZE"]
[Date "2010.07.29"]
[Round "7"]
[White "Netzer,Ja"]
[Black "Breder,D"]
[Result "0-1"]
[WhiteElo "2208"]
[BlackElo "2429"]
[EventDate "2010.07.23"]

1. e4 c5 2. Nf3 Nc6 3. d4 cxd4 4. Nxd4 e5 5. Nb5 d6 6. N1c3 a6 7. Na3 Be7
8. Nc4 b5 9. Ne3 Nf6 10. Bd3 O-O 11. O-O Rb8 12. Ncd5 Nxd5 13. Nxd5 Bg5 14.
a4 Bxc1 15. Qxc1 Be6 16. axb5 axb5 17. Ne3 Qb6 18. Rd1 Nd4 19. b4 g6 20.
Qb2 Nc6 21. c3 Ne7 22. Bc2 Qc6 23. Ra7 Nc8 24. Ra5 Nb6 25. Bb3 Qxe4 26.
Rxb5 Qc6 27. Ra5 Rbc8 28. Ra6 Ra8 29. Nd5 Nc4 30. Bxc4 Qxc4 31. Rxd6 Ra2
32. Qc1 Rfa8 33. Nf6+ Kf8 34. Nxh7+ Kg7 35. Ng5 Bg4 36. Re1 Ra1 37. Qe3 Qf4
38. Nf3 Bxf3 39. gxf3 Qxe3 0-1

[Event "21st Czech GM Open"]
[Site "Pardubice CZE"]
[Date "2010.07.29"]
[Round "7"]
[White "Kononenko,Dmitry1"]
[Black "Savitskiy,S"]
[Result "1-0"]
[WhiteElo "2590"]
[BlackElo "2245"]
[EventDate "2010.07.23"]

1. e4 c5 2. Nf3 d6 3. d4 cxd4 4. Nxd4 Nf6 5. Nc3 e6 6. Be3 Be7 7. g4 h6 8.
Qe2 Nc6 9. O-O-O a6 10. f4 Qc7 11. Rg1 Bd7 12. g5 hxg5 13. fxg5 Nxd4 14.
Bxd4 Nh5 15. Qf2 b5 16. Be2 e5 17. Nd5 Qc6 18. Bc3 Be6 19. Nxe7 Kxe7 20.
Bb4 Rad8 21. Bxh5 Rxh5 22. Rxd6 Rxd6 23. Rd1 Ke8 24. Rxd6 Qxe4 25. Qb6 Qf4+
26. Rd2 Qf1+ 27. Rd1 Qf4+ 28. Kb1 Bxa2+ 29. Ka1 f6 30. g6 Bd5 31. Qb8+ 1-0

[Event "21st Czech GM Open"]
[Site "Pardubice CZE"]
[Date "2010.07.29"]
[Round "7"]
[White "Kuipers,S"]
[Black "Babula,V"]
[Result "1/2-1/2"]
[WhiteElo "2354"]
[BlackElo "2533"]
[EventDate "2010.07.23"]

1. e4 c5 2. Nf3 d6 3. d4 cxd4 4. Nxd4 Nf6 5. Nc3 a6 6. Be3 Nbd7 7. Qd2 e6
8. f3 b5 9. O-O-O Bb7 10. g4 Rc8 11. Kb1 Nb6 12. Bd3 Nfd7 13. f4 Be7 14. g5
b4 15. Nce2 d5 16. exd5 Nxd5 17. Rhg1 g6 18. Nb3 O-O 19. h4 a5 20. h5 a4
21. hxg6 fxg6 22. Nbd4 Nc5 23. Bc4 Ne4 24. Qd3 Nc5 25. Qd2 Ne4 26. Qd3
1/2-1/2

[Event "21st Czech GM Open"]
[Site "Pardubice CZE"]
[Date "2010.07.29"]
[Round "7"]
[White "Kashlinskaya,A"]
[Black "Jovanovic,Zo CRO"]
[Result "0-1"]
[WhiteElo "2352"]
[BlackElo "2518"]
[EventDate "2010.07.23"]

1. d4 Nf6 2. c4 g6 3. Nf3 Bg7 4. g3 c5 5. Bg2 Qa5+ 6. Nc3 Ne4 7. Qd3 cxd4
8. Nxd4 Nc5 9. Qe3 Nc6 10. Ndb5 Ne6 11. O-O a6 12. Na3 O-O 13. Bd2 Rb8 14.
Rfd1 Qh5 15. Nc2 b5 16. cxb5 axb5 17. Rab1 Bb7 18. Qf3 Qxf3 19. Bxf3 Ncd4
20. Bxb7 Rxb7 21. Nb4 Rc8 22. Kf1 f5 23. Ncd5 Kf7 24. Rbc1 Nc6 25. Nd3 Ra8
26. Ra1 Ne5 27. Nxe5+ Bxe5 28. Bc3 Bxc3 29. Nxc3 b4 30. Nd5 Nc5 31. Rac1 d6
32. Rc4 Rxa2 33. Rxb4 Rxb2 34. Rxb7 Rxb7 35. Ra1 e6 36. Ne3 d5 37. Rc1 Ne4
38. f3 Nd6 39. Kf2 g5 40. h4 gxh4 41. gxh4 f4 42. Ng4 Nc4 43. h5 e5 44. Ra1
Ke6 45. Ra8 d4 46. Re8+ Re7 47. Ra8 Ne3 48. Nh6 Rg7 49. Ra6+ Kd5 50. Ra5+
Kd6 51. Ra6+ Kc5 52. Ng4 Nxg4+ 53. fxg4 Rxg4 54. Ra7 h6 55. Ra5+ Kd6 56.
Ra6+ Kd5 57. Rxh6 Ke4 58. Ra6 Rh4 59. h6 Kf5 60. Kg2 e4 61. Ra4 d3 62. exd3
e3 63. Ra8 Rxh6 64. Rf8+ Rf6 65. Ra8 Rg6+ 66. Kf3 Rg3+ 67. Ke2 Rg2+ 68. Kf1
Rd2 0-1

[Event "21st Czech GM Open"]
[Site "Pardubice CZE"]
[Date "2010.07.29"]
[Round "7"]
[White "Kantans,T"]
[Black "Durarbeyli,V"]
[Result "0-1"]
[WhiteElo "2343"]
[BlackElo "2501"]
[EventDate "2010.07.23"]

1. d4 Nf6 2. c4 c5 3. Nf3 cxd4 4. Nxd4 b6 5. Nc3 Bb7 6. f3 d6 7. e4 e6 8.
Be2 Be7 9. O-O O-O 10. Be3 a6 11. Qd2 Nbd7 12. Rfd1 Rc8 13. Rac1 Qc7 14. b4
Qb8 15. a3 Bd8 16. Nb3 Bc7 17. Bf4 Ne5 18. Bxe5 dxe5 19. c5 b5 20. Qe3 Bc6
21. Na1 Nh5 22. Nc2 Qb7 23. Ra1 f5 24. a4 bxa4 25. Bc4 Nf4 26. g3 Nh3+ 27.
Kg2 fxe4 28. Bxe6+ Kh8 29. Bd5 Bxd5 30. Nxd5 Rxf3 31. Qxe4 Ng5 32. Qg4 Rd8
33. Qxg5 Rxd5 34. Kg1 Rf6 35. Ne3 Rxd1+ 36. Rxd1 Qxb4 37. Qxe5 Qb8 38. Qe7
Rf8 39. Nd5 Bxg3 40. c6 Bxh2+ 41. Kh1 Bd6 42. Qe4 Qc8 0-1

[Event "21st Czech GM Open"]
[Site "Pardubice CZE"]
[Date "2010.07.29"]
[Round "7"]
[White "Zilka,S"]
[Black "Wichmann,C"]
[Result "1/2-1/2"]
[WhiteElo "2493"]
[BlackElo "2347"]
[EventDate "2010.07.23"]

1. d4 Nf6 2. c4 e6 3. Nc3 c5 4. d5 exd5 5. cxd5 d6 6. Nf3 g6 7. e4 Bg7 8.
Be2 O-O 9. O-O Re8 10. Nd2 Na6 11. f3 Nc7 12. a4 Rb8 13. Nc4 Bf8 14. Bf4
Nh5 15. Be3 b6 16. Qd2 Ba6 17. b3 Bg7 18. g4 Nf6 19. Bf4 Nfxd5 20. Nxd5
Nxd5 21. exd5 Bxa1 22. Rxa1 Rxe2 23. Qxe2 Qf6 24. Be5 dxe5 25. Qxe5 Qxe5
26. Nxe5 Rd8 27. Nc6 Rd6 28. Re1 Bb7 29. Re7 Bxc6 30. dxc6 Rxc6 31. Rxa7 c4
32. bxc4 Rxc4 33. Kg2 Rc2+ 34. Kg3 Ra2 35. h4 b5 36. a5 b4 37. Rb7 1/2-1/2

[Event "21st Czech GM Open"]
[Site "Pardubice CZE"]
[Date "2010.07.29"]
[Round "7"]
[White "Vokac,M"]
[Black "Raznikov,D"]
[Result "1-0"]
[WhiteElo "2458"]
[BlackElo "2326"]
[EventDate "2010.07.23"]

1. g3 c5 2. Bg2 g6 3. c4 Bg7 4. Nc3 Nc6 5. Nf3 Nf6 6. O-O O-O 7. d4 cxd4 8.
Nxd4 Qa5 9. Nc2 d6 10. e4 Bg4 11. f3 Bd7 12. Rf2 Rac8 13. Ne3 Rfe8 14. Bf1
a6 15. Bd2 Qc5 16. Rc1 Qa7 17. Nc2 Ne5 18. Be3 Qb8 19. Na3 e6 20. Qd2 d5
21. exd5 exd5 22. Nxd5 Nxd5 23. cxd5 Rxc1 24. Qxc1 b5 25. Qd2 Bc8 26. Nb1
Bb7 27. Nc3 Rd8 28. a3 Qa8 29. Bb6 Rd6 30. Bc5 Rd8 31. b4 Bxd5 32. Nxd5
Rxd5 33. Qe3 Nc4 34. Qe4 Rd8 35. Qxa8 Rxa8 36. a4 Bf8 37. axb5 axb5 38.
Bxc4 bxc4 39. Rc2 Ra3 40. Kf2 c3 41. Ke2 Rb3 42. Kd3 Bg7 43. Ra2 f5 44. Kc2
Rb2+ 45. Rxb2 cxb2 46. b5 Kf7 47. b6 Ke6 48. b7 Be5 49. Bd4 Bb8 50. f4 Kd5
51. Be5 Ba7 52. Kxb2 Ke4 53. Kc3 g5 54. Kc4 1-0

[Event "21st Czech GM Open"]
[Site "Pardubice CZE"]
[Date "2010.07.29"]
[Round "7"]
[White "Baryshpolets,A"]
[Black "Ambartsumova,K"]
[Result "1-0"]
[WhiteElo "2450"]
[BlackElo "2309"]
[EventDate "2010.07.23"]

1. d4 Nf6 2. c4 e6 3. Nf3 d5 4. g3 dxc4 5. Bg2 Nc6 6. O-O Rb8 7. Nc3 b5 8.
e4 Be7 9. Be3 a6 10. Qe2 O-O 11. Rad1 Nb4 12. Ne5 Nd7 13. f4 Nxe5 14. dxe5
Nd3 15. f5 f6 16. b3 Qe8 17. Ba7 Rb7 18. exf6 Bxf6 19. e5 Nxe5 20. Bd4 Nd3
21. Bxf6 Rxf6 22. Nd5 Rh6 23. f6 c6 24. Ne7+ Rxe7 25. fxe7 Qxe7 26. bxc4
bxc4 27. Be4 Qc5+ 28. Kh1 e5 29. Bxd3 cxd3 30. Qxd3 Qd5+ 31. Qxd5+ cxd5 32.
Kg1 Rd6 33. Rfe1 Bg4 34. Rd2 Kf7 35. Rxe5 Be6 36. Rd4 Rb6 37. Kf2 Ke7 38.
Re3 Kd6 39. Ra3 Rb2+ 40. Ke3 Rxh2 41. Rd2 Rxd2 42. Rxa6+ Ke5 43. Kxd2 g5
44. a4 h5 45. a5 Bg4 46. Rh6 d4 47. a6 Bf3 48. a7 Kf5 49. Ke1 d3 50. Rd6
1-0

[Event "21st Czech GM Open"]
[Site "Pardubice CZE"]
[Date "2010.07.29"]
[Round "7"]
[White "Baron,Ta"]
[Black "Bakalarz,M"]
[Result "1-0"]
[WhiteElo "2438"]
[BlackElo "2324"]
[EventDate "2010.07.23"]

1. e4 e5 2. Nf3 Nf6 3. d4 Nxe4 4. dxe5 d5 5. Nbd2 Be7 6. Nxe4 dxe4 7. Qxd8+
Bxd8 8. Nd4 f6 9. exf6 Bxf6 10. Be3 Nc6 11. Bb5 Bd7 12. O-O-O Nxd4 13.
Bxd7+ Kxd7 14. Bxd4 Kc6 15. Bxf6 gxf6 16. Rd4 Rae8 17. Re1 Rhg8 18. g3 f5
19. Re3 b5 20. Rc3+ Kb6 21. Rd7 c6 22. Rd6 Rc8 23. Rf6 b4 24. Rc4 Kb5 25.
b3 Rg5 26. h4 Rh5 27. Kd2 c5 28. c3 Rd8+ 29. Kc2 f4 30. a4+ bxa3 31. Ra4 c4
32. Rfa6 Rd2+ 33. Kxd2 cxb3 34. R4a5+ Kc4 35. Rc6+ 1-0

[Event "21st Czech GM Open"]
[Site "Pardubice CZE"]
[Date "2010.07.29"]
[Round "7"]
[White "Berger,Stev"]
[Black "Overbeck,T"]
[Result "1/2-1/2"]
[WhiteElo "2432"]
[BlackElo "2308"]
[EventDate "2010.07.23"]

1. e4 e5 2. Bc4 Nf6 3. d3 c6 4. Nf3 d5 5. Bb3 Bd6 6. exd5 Nxd5 7. O-O O-O
8. Nbd2 Bg4 9. h3 Bh5 10. Ne4 Re8 11. Re1 Na6 12. Bg5 Qd7 13. Nxd6 Qxd6 14.
g4 Bg6 15. Nd2 Nc5 16. Ne4 Qf8 17. Nxc5 Qxc5 18. h4 1/2-1/2